Responses for Show #5694 - Thursday, May 14, 2009

2009 College Championship final game 1.

Contestants

[<< previous game]

Laura Myers, a senior from the University of Missouri

Patrick Tucker, a senior from the University of Notre Dame

Eric Betts, a senior from Emory University

[next game >>]

Jeopardy! Round responses

AT BAY
POP GOES THE CATEGORY
HOOKUPS
ASSERTING AUTHOR-ITY
ECON 101
ONE-BUTTON TEXT MESSAGING
    $200 16
the Chesapeake Bay

Laura
    $200 1
Netflix

Patrick
    $200 9
(Laura: What is [*]?)
(Alex: No. ...Yes, digital TV, right, I'm sorry.)
(Laura: It's all right!)

DTV

Laura
    $200 2
J.K. Rowling

Eric
    $200 21
bear

Laura
    $200 20
ABC

Eric
    $400 17
Long Island

Laura
    $400 3
Sports Illustrated

Eric
    $400 10
floodlight

Laura
    $400 7
(Jack) Kerouac

Eric
    $400 22
a recession

Laura
    $400 27
hi

Eric
    $600 18
the Bay of Pigs

Laura
    $600 4
Lance Armstrong

Patrick
    $600 11
a dishwasher

Eric
    $600 8
(James) Joyce

Laura
    $600 23
risk

Eric
    $600 28
Fed

Laura
    $800 19
(Patrick: What is Valdez?)
(Laura: What is Bristol Bay?)

Prudhoe Bay

PatrickLaura
Triple Stumper
    $800 5
Tropic Thunder

Patrick
    $800 14
surround sound

Eric
    $800 12
(J.D.) Salinger

Patrick
    $800 24
a balanced budget

Patrick
    $800 29
Monday

Eric
    $1000 25
Montego (Bay)

Laura
    $1000 6
50 Cent

Eric
    $1000 15
red, green & blue

Patrick
    $1000 13
Neal Stephenson

Triple Stumper
    $600 26
supply and demand

Laura
    $1000 30
Wyoming

Eric

Scores at the first commercial break (after clue 15):

Eric Patrick Laura
$3,400 $3,400 $1,200

Scores at the end of the Jeopardy! Round:

Eric Patrick Laura
$6,400 $3,400 $4,400

Double Jeopardy! Round responses

AMERICAN HISTORY
MIND YOUR SHAKESPEARE "P"s & "Q"s
(Alex: Each correct response will begin with one or the other or perhaps both of those letters.)
ALMA MATERS
ACTRESSES
2-LETTER WORDS
ANGELS & DEMONS
(Alex: That long-awaited film from the Da Vinci Code people comes out tomorrow.)
    $400 7
Florida

Laura
    $400 12
Queen

Patrick
    $400 1
the University of Michigan

Eric
    $400 6
(Jennifer) Aniston

Patrick
    $400 26
go

Laura
    $400 17
Galileo

Patrick
    $800 8
the First Gulf War

Patrick
    $800 13
Portia

Laura
    $800 2
Texas

Eric
    $800 18
Drew Barrymore

Laura
    $800 27
no

Laura
    $800 22
the Illuminati

Laura
    $1200 9
steam engines

Patrick
    $1200 14
Petruchio

Eric
    $1,500 3
(Alex: Was that a guess?)
(Eric: Absolutely.)

Stanford University

Eric
    $1200 19
Emma Watson

Eric
    $1200 28
Bo

Patrick
    $1200 23
an antimatter bomb

Eric
    $1600 10
the Iroquois

Patrick
    $1600 15
(Alex: Prince of Tyre, yes.)

Pericles

Eric
    $1600 4
Tulane

Patrick
    $1600 20
Kristen Stewart

Eric
    $1600 29
fo

Patrick
    $1600 24
(Laura: What is a Congress of Cardinals?)
(Patrick: What is a College of Cardinals?)

a conclave

PatrickLaura
Triple Stumper
    $1,200 11
open-door policy

Patrick
    $2000 16
Quince

Triple Stumper
    $2000 5
Berklee

Laura
    $2000 21
Michelle Rodriguez

Laura
    $2000 30
Ur

Patrick
    $2000 25
Bernini

Triple Stumper

Scores at the end of the Double Jeopardy! Round:

Eric Patrick Laura
$15,900 $14,200 $10,800

Final Jeopardy! Round responses

SCIENCE TERMS
LauraWhat is an atom?
$2,500
PatrickWhat is an atom?
$6,000
EricWhat is an atom?
$4,100
atom

Final scores:

Eric Patrick Laura
$20,000 $20,200 $13,300

Game dynamics:

Coryat scores:

Eric Patrick Laura
$15,600 $15,000 $11,200
19 R
(including 1 DD),
0 W
17 R
(including 1 DD),
2 W
19 R
(including 1 DD),
2 W

Combined Coryat: $41,800

[game clues] [game scores] [suggest correction]

Game tape date: 2009-04-15
The J! Archive is created by fans, for fans. Scraping, republication, monetization, and malicious use prohibited; this site may use cookies and collect identifying information. See terms. The Jeopardy! game show and all elements thereof, including but not limited to copyright and trademark thereto, are the property of Jeopardy Productions, Inc. and are protected under law. This website is not affiliated with, sponsored by, or operated by Jeopardy Productions, Inc. Join the discussion at JBoard.tv.